000
00265nam a2200097Ia 4500
005
20251222114343.0
008
251222s1900||||xx |||||||||||||| ||spa||
082
_a
DVD191.1/U61/2003/T.2
245
0
_a
Charla: manejo y desarrollo de empresas turĂsticas (II):
942
_c
DVD
999
_c
929
_d
929